Countries with Land Mines - Statistics

General Stats
  • This quiz has been taken 1,766 times
  • The average score is 41 of 55
Answer Stats
Answer % Correct
Russia
95%
Iraq
93%
Iran
92%
China
91%
Afghanistan
90%
India
89%
Pakistan
89%
Syria
89%
Ukraine
89%
Vietnam
89%
Israel
88%
North Korea
87%
Sudan
87%
Cambodia
86%
Democratic Republic of the Congo
86%
Laos
86%
Egypt
84%
South Korea
84%
South Sudan
84%
Niger
83%
Libya
82%
Somalia
82%
Turkey
82%
Yemen
82%
Ethiopia
81%
Chad
80%
Lebanon
80%
Myanmar
80%
Nigeria
80%
Thailand
78%
Armenia
77%
Azerbaijan
77%
Eritrea
75%
Georgia
73%
Georgia
73%
Angola
72%
Oman
72%
Morocco
70%
Serbia
69%
Bosnia and Herzegovina
68%
Mauritania
67%
Zimbabwe
67%
Tajikistan
65%
Croatia
64%
Uzbekistan
64%
Colombia
63%
Kosovo
62%
Kyrgyzstan
60%
Senegal
58%
Peru
49%
Cuba
47%
Gambia
47%
Guinea Bissau
44%
Sri Lanka
44%
Ecuador
43%
No matching quizzes found
Score Distribution
Percent of People with Each Score
Percentile by Number Answered
Your Score History
You have not taken this quiz